Booster l'intelligence collective : La stratégie agile de transformation durable des organisations (notice n° 1994537)
[ vue normale ]
| 000 -LEADER | |
|---|---|
| fixed length control field | 01699cam a2200157 4500500 |
| 005 - DATE AND TIME OF LATEST TRANSACTION | |
| control field | 20260329050420.0 |
| 041 ## - LANGUAGE CODE | |
| Language code of text/sound track or separate title | fre |
| 042 ## - AUTHENTICATION CODE | |
| Authentication code | dc |
| 100 10 - MAIN ENTRY--PERSONAL NAME | |
| Personal name | D’Herbemont, Olivier |
| Relator term | author |
| 245 00 - TITLE STATEMENT | |
| Title | Booster l'intelligence collective : La stratégie agile de transformation durable des organisations |
| 260 ## - PUBLICATION, DISTRIBUTION, ETC. | |
| Name of publisher, distributor, etc. | Armand Colin,<br/> |
| Date of publication, distribution, etc. | 2012.<br/> |
| 520 ## - SUMMARY, ETC. | |
| Summary, etc. | Pour lui permettre de survivre dans un univers en soudaine mutation, l’entreprenant s’est donné pour mission de transformer son organisation. Cet entreprenant courageux est le héros de ce livre: il n’a pas seulement l’idée d’un avenir meilleur, il a surtout l’intention de le construire. Là, les choses se corsent, car il a en face de lui une organisation intelligente, organisée hiérarchiquement qui peut se mobiliser en sa faveur, ou au contraire lui mettre des bâtons dans les roues. Le présent ouvrage lui propose une méthode opérationnelle pour booster l’intelligence de son organisation et sauter ainsi l’obstacle qui paraissait insurmontable. Ce livre révèle une «magie»: l’architecture collaborative des organisations (ACO). Elle s’appuie sur les acquis des sciences politiques et des méthodes d’architecture de systèmes organisationnels. Illustrant son propos par de nombreux cas réels, expliqués grâce à l’architecture collaborative des organisations, Olivier d’Herbemont nous fait découvrir une voie nouvelle dans cette quête du graal que constitue la transformation des organisations. |
| 700 10 - ADDED ENTRY--PERSONAL NAME | |
| Personal name | Krob, Daniel |
| Relator term | author |
| 700 10 - ADDED ENTRY--PERSONAL NAME | |
| Personal name | Bloch, Alain |
| Relator term | author |
| 856 41 - ELECTRONIC LOCATION AND ACCESS | |
| Uniform Resource Identifier | <a href="https://shs.cairn.info/booster-lintelligence-collective--9782200277406?lang=fr&redirect-ssocas=7080">https://shs.cairn.info/booster-lintelligence-collective--9782200277406?lang=fr&redirect-ssocas=7080</a> |
Pas d'exemplaire disponible.




Réseaux sociaux